|
|
|
|
| LEADER |
00000nam0a2200000 4500 |
| 001 |
151194 |
| 005 |
20240130143411.0 |
| 035 |
|
|
|a (RuTPU)RU\TPU\book\163929
|
| 090 |
|
|
|a 151194
|
| 100 |
|
|
|a 20090120d2008 m y0rusy50 ca
|
| 101 |
0 |
|
|a rus
|
| 102 |
|
|
|a RU
|
| 105 |
|
|
|a y j 000zy
|
| 200 |
1 |
|
|a Метрология, стандартизация и сертификация: нормативная документация
|e учебное пособие
|f Н. Н. Чернышова, Н. П. Пикула
|g Томский политехнический университет (ТПУ), Институт дистанционного образования
|
| 210 |
|
|
|a Томск
|c Изд-во ТПУ
|d 2008
|
| 215 |
|
|
|a 184 с.
|
| 300 |
|
|
|a На титульном листе авторы не указаны.
|
| 330 |
|
|
|a Учебное пособие подготовлено на кафедре физической и аналитической химии (ФАХ) и предназначено для студентов ИДО специальностей 240403 «Химическая технология природных энергоносителей и углеродных материалов», 240304 «Химическая технология тугоплавких неметаллических и силикатных материалов», 240401 «Химическая технология органических веществ», 280201 «Охрана окружающей среды и рациональное использование природных ресурсов» при изучении дисциплины «Метрология, стандартизация и сертификация» и для выполнения контрольной работы по данной дисциплине. В пособии приведен перечень основных тем дисциплины, краткий комментарий к основным темам и разделам дисциплины; извлечения из основных законов Российской Федерации в области технического регулирования и метрологии, национальных стандартов, правил и рекомендаций, применяемых в областях деятельности по химии и химической технологии.
|
| 606 |
1 |
|
|a Метрология
|2 stltpush
|3 (RuTPU)RU\TPU\subj\43497
|9 62988
|
| 606 |
1 |
|
|a Стандартизация
|x Правовые основы
|2 stltpush
|3 (RuTPU)RU\TPU\subj\56727
|9 74618
|
| 606 |
1 |
|
|a Сертификация
|2 stltpush
|3 (RuTPU)RU\TPU\subj\54694
|9 72800
|
| 610 |
1 |
|
|a метрология
|
| 610 |
1 |
|
|a нормативная документация
|
| 610 |
1 |
|
|a правовые документы
|
| 610 |
1 |
|
|a нормативные документы
|
| 610 |
1 |
|
|a стандарты
|
| 610 |
1 |
|
|a ГОСТы
|
| 610 |
1 |
|
|a методические материалы
|
| 610 |
1 |
|
|a рекомендации
|
| 610 |
1 |
|
|a подтверждение соответствий
|
| 610 |
1 |
|
|a государственный контроль
|
| 610 |
1 |
|
|a государственный надзор
|
| 610 |
1 |
|
|a законы
|
| 610 |
1 |
|
|a Российская Федерация
|
| 610 |
1 |
|
|a учебные пособия
|
| 610 |
1 |
|
|a труды учёных ТПУ
|
| 675 |
|
|
|a 006(075.8)
|v 4
|
| 675 |
|
|
|a 621.562.012.7(075.8)
|v 3
|
| 700 |
|
1 |
|a Чернышова
|b Н. Н.
|c российский химик
|c доцент Томского политехнического университета, кандидат химических наук
|f 1948-
|g Нина Николаевна
|3 (RuTPU)RU\TPU\pers\27387
|
| 701 |
|
1 |
|a Пикула
|b Н. П.
|c химик
|c доцент Томского политехнического университета, кандидат химических наук
|f 1949-
|g Нина Павловна
|3 (RuTPU)RU\TPU\pers\25622
|9 11551
|
| 712 |
0 |
2 |
|a Томский политехнический университет (ТПУ)
|b Институт дистанционного образования (ИДО)
|3 (RuTPU)RU\TPU\col\12625
|
| 801 |
|
1 |
|a RU
|b 63413507
|c 20090120
|g PSBO
|
| 801 |
|
2 |
|a RU
|b 63413507
|c 20150605
|g PSBO
|
| 942 |
|
|
|c BK
|